000 00456nam a2200133 a 4500
008 080109s1968 ||||||||||||||||| || u
050 _aQ 172 Ald
100 _aAldridge, Bill G
245 1 0 _aMathematics for physical science
260 _aOhio
_bMerril
_c1968
300 _avi, 137p
350 _a0.00
995 _D0.00
_FCBU-MAIN LIBRARY (Kitwe)
_H1
_I5.20
_M1
_UAVAILABLE
_ZAnnex Low-Usage Collection
999 _c50719
_d50719